000 00587cam a2200205ua 4500
001 11517
005 20260515114748.0
008 190927n ii |||gr||||Z||||||eng
020 _a9788131104620
040 _cMAIN
082 _a954.03
100 _aShiv Gajrani . ,
_eAuthor.
245 _aEncyclopaedia of social history of India :
_bsociety in ancient India /
_cBy Shiv Gajrani .
250 _a1st ed. /
_bVol.1.
260 _aNew Delhi:
_bCommonwealth publishers,
_c2013.
300 _a398p.
653 _aSouth Asia India
653 _asocial history of India
942 _cBK
999 _c10330
_d10330